[Event "Plunge op-A 42nd"]
[Site "Plateliai"]
[Date "2023.07.18"]
[Round "3"]
[White "Rupsys, Rimantas"]
[Black "Povilaitis, Matas"]
[Result "0-1"]
[WhiteElo "1866"]
[BlackElo "1835"]
[PlyCount "52"]
[EventDate "2023.07.17"]
[EventType "swiss"]
[EventRounds "9"]
[EventCountry "LTU"]
[SourceTitle "CBM 215 Extra"]
[Source "ChessBase"]
[SourceDate "2023.09.30"]
[SourceVersion "1"]
[SourceVersionDate "2023.09.30"]
[SourceQuality "1"]

1. d4 d5 2. Nf3 Nf6 3. c4 e6 4. Bg5 Be7 5. Nc3 c6 6. e3 Nbd7 7. a3 h6 8. Bh4 0-0 9. Rc1 b6 10. Bd3 Bb7 11. 0-0 c5 12. cxd5 Nxd5 13. Bg3 N7f6 14. dxc5 Bxc5 15. b4 Nxe3 16. Qe2 Nxf1 17. bxc5 Nxg3 18. hxg3 bxc5 19. Na4 Rc8 20. Rxc5 Qd6 21. Ra5 Rc1+ 22. Ne1 Rd8 23. Nb2 Qc6 24. f3 Qb6+ 25. Kh2 Qxa5 26. Nc4 Qxe1 0-1